• 首页
  • 本馆介绍
  • 公告通知
  • 最新文献
  • 馆藏检索
  • 电子资源
  • 读者导购
  • 参考咨询
  • 我的图书馆
  • 登录
  • 详细信息显示
  • 放入我的书架
  • 预约/预借图书
  • 作者相关作品
  • 分类相关作品
  • 丛书相关作品
  • 出版社相关作品

书目信息

  • 表格格式
  • 工作单格式
  • 卡片格式
题名:
工程流体力学
    
 
作者: 刘宏升 , 孙文策 主编
分册:  
出版信息: 大连   大连理工大学出版社  2015
页数: 256页
开本: 26cm
丛书名:
单 册:
中图分类: TB126
科图分类:
主题词: 工程力学--流体力学--高等教育--教材
电子资源:
ISBN: 978-7-5685-0075-3
000 01037nam0 2200265 450
001 0103680285
005 20151223143302.0
010    @a978-7-5685-0075-3@dCNY32.00
100    @a20151120d2015 em y0chiy0120 ea
101 0  @achi
102    @aCN@b210000
105    @aa z 000yy
106    @ar
200 1  @a工程流体力学@9Gong Cheng Liu Ti Li Xue @f刘宏升,孙文策主编@b专著@dEngineering fluid mechanics@zeng
210    @a大连@c大连理工大学出版社@d2015
215    @a256页@c图@d26cm
300    @a“十二五”普通高等教育本科国家级规划教材 高等学校理工科力学类规划教材
330    @a本书共分八章,内容包括流体的主要物理性质、流体静力学、流体流动的基本方程、漩涡理论和势流理论、相似理论与量纲分析、黏性流体管内流动、黏性流体绕物体的流动、气体动力学基础。
510 1  @aEngineering fluid mechanics@zeng
606 0  @a工程力学@x流体力学@x高等教育@j教材
690    @aTB126@v5
701  0 @a刘宏升@f(1978~)@9liu hong sheng@4主编
701  0 @a孙文策@9sun wen ce@4主编
801  0 @aCN@bAZmarc@c20230902
905    @aBZT@dTB126@e6@f5@sTB126/6
    
    工程流体力学/刘宏升,孙文策主编=Engineering fluid mechanics.-大连:大连理工大学出版社,2015
    256页:图;26cm
    “十二五”普通高等教育本科国家级规划教材 高等学校理工科力学类规划教材
    
    ISBN 978-7-5685-0075-3:CNY32.00
    本书共分八章,内容包括流体的主要物理性质、流体静力学、流体流动的基本方程、漩涡理论和势流理论、相似理论与量纲分析、黏性流体管内流动、黏性流体绕物体的流动、气体动力学基础。
●
相关链接 在五车中查询图书 在当当中查询图书 在豆瓣中查询图书


正题名:工程流体力学     索取号:TB126/6         预约/预借

序号 登录号 条形码 馆藏地/架位号 状态 备注
1 2000011010   2000011010   旧书回溯/ [索取号:TB126/6] 在馆    
2 2000011011   2000011011   旧书回溯/ [索取号:TB126/6] 在馆    
3 2000011012   2000011012   旧书回溯/ [索取号:TB126/6] 在馆    
4 2000011013   2000011013   旧书回溯/ [索取号:TB126/6] 在馆    
5 2000011014   2000011014   旧书回溯/ [索取号:TB126/6] 在馆    
山东省滨州职业学院图书馆 欢迎您!
大连网信软件有限公司© 版权所有